000
00215nam a2200085Ia 4500
005
20250523154322.0
008
250523s9999 xx 000 0 und d
245
0
_a
Karlı Dağlarda Tatil
_c
J. Mario Simmel
260
_b
ALTIN
999
_c
12017
_d
12017